| 000 | 00702nam a22002295a 4500 | ||
|---|---|---|---|
| 008 | 150827s2007 ii a frb 001 0 eng d | ||
| 020 | _a8174732332 | ||
| 040 |
_aEG-ScBUE _beng _cEG-ScBUE |
||
| 082 | 0 | 4 |
_a660.2 _bGOE _222 |
| 100 | 1 | _aGoel ,Neetu. | |
| 245 |
_aConcise Engineering Chemistry / _bNeetu Goel ,Sanjay Kumar. |
||
| 250 | _a2nd ed. | ||
| 260 |
_aDelhi:2005 _bA.I.T.B.S. publishers, _cc.2007. |
||
| 300 |
_axxi, 666p.: _bill; _c25cm. |
||
| 504 | _aIncludes bibliographical references . | ||
| 590 | _aMenna Elemam | ||
| 650 |
_aChemical engineering. _2BUEsh |
||
| 651 | _2BUEsh | ||
| 653 |
_bENGCHE _cAugust2015 |
||
| 700 | 1 | _aKumar ,Sanjay. | |
| 942 |
_cBB _k660.2 GOE _2ddc |
||
| 999 |
_c2939 _d2939 |
||